| Поле | Инд. | ПП | Название | Значение |
|---|---|---|---|---|
| Тип записи | a | |||
| Библиографический уровень | m | |||
| 001 | Контрольный номер | 8486af14-88f8-49f1-9af6-0b4e216910b4 | ||
| 005 | Дата корректировки | 20131112003659.9 | ||
| 008 | Кодируемые данные | 20001027s?a aznnnabbn zn aan | ||
| 020 | a | ISBN | 5-256-00183-3 | |
| c | Цена, тираж | 0.60 | ||
| 040 | a | Служба первич. каталог. | RU-RKP | |
| a | Служба первич. каталог. | НБ ТвГУ | ||
| 041 | a | Код языка текста | rus | |
| 080 | a | Индекс УДК | 007:159.955 | |
| 084 | a | Индекс другой классификации/Индекс ББК | В186 | |
| a | Индекс другой классификации/Индекс ББК | З813 | ||
| a | Индекс другой классификации/Индекс ББК | В122 | ||
| 090 | x | Авторский знак | П62 | |
| a | Полочн. индекс | В186 | ||
| 092 | a | 28.23 | ||
| 100 | 1_ | a | Автор | Поспелов Дмитрий Александрович |
| 245 | 10 | a | Заглавие | Моделирование рассуждений |
| b | Продолж. заглавия | Опыт анализа мыслит. актов | ||
| c | Ответственность | Д. А. Поспелов | ||
| 260 | 0_ | a | Место издания | Москва |
| b | Издательство | Радио и связь | ||
| c | Дата издания | 1989 | ||
| 300 | a | Объем | 182,[2] с. | |
| b | Иллюстрации/ тип воспроизводства | ил. | ||
| c | Размеры | 21 см | ||
| 504 | a | Библиография | Библиогр.: с. 179-183. | |
| 650 | a | Основная рубрика | Искусственный интеллект | |
| 650 | a | Основная рубрика | Мышление | |
| x | Основная подрубрика | Моделирование | ||
| 653 | a | Ключевые слова | Искусственный интеллект | |
| a | Ключевые слова | Моделирование мышления | ||
| a | Ключевые слова | Мышление | ||
| 852 | t | Порядковый номер экземпляра | 1 | |
| p | Инвентарный номер | 603378 | ||
| 954 | a | Дата поступления на обработку | 20020619 | |
| 999 | a | Подразделение 2 | Фил3 |